| 000 -LEADER |
| fixed length control field |
01904 a2200289 4500 |
| 020 ## - INTERNATIONAL STANDARD BOOK NUMBER |
| International Standard Book Number |
0673467260 |
| 020 ## - INTERNATIONAL STANDARD BOOK NUMBER |
| International Standard Book Number |
9780673467263 |
| 082 04 - DEWEY DECIMAL CLASSIFICATION NUMBER |
| Classification number |
515 |
| 090 ## - LOCALLY ASSIGNED LC-TYPE CALL NUMBER (OCLC); LOCAL CALL NUMBER (RLIN) |
| -- |
346 |
| -- |
346 |
| 100 1# - MAIN ENTRY--PERSONAL NAME |
| Personal name |
Lial, Margaret L. |
| 245 10 - TITLE STATEMENT |
| Title |
Calculus with applications / |
| Statement of responsibility, etc. |
Margaret L. Lial. |
| 250 ## - EDITION STATEMENT |
| Edition statement |
5 Sub ed. |
| 260 ## - PUBLICATION, DISTRIBUTION, ETC. |
| Place of publication, distribution, etc. |
[S.l.] : |
| Name of publisher, distributor, etc. |
Harpercollins College Div, |
| Date of publication, distribution, etc. |
1993. |
| 300 ## - PHYSICAL DESCRIPTION |
| Extent |
514 p. ; |
| Dimensions |
23 cm. |
| 500 ## - GENERAL NOTE |
| General note |
Hardcover. |
| 520 ## - SUMMARY, ETC. |
| Summary, etc. |
* For the two semester course, business and social science students. * New four-color format for improved readability and understanding. * EXCEL spreadsheets now appear in examples and exercises, perfect for business students. * New co-author had added tons of new applications, with real data from current sources (very important in this course). * Applied exercises are grouped by subject and highlighted for easy identification. * New chapter on sequences and series, helps us compete better with Goldstein and Barnett. * MathXL for LGR, Calculus with Applications is available ONLY for uploading TestGen-EQ tests. Individualized study plans are still provided, along with complete test-results tracking for instructors, but THERE ARE NO TUTORIALS. * Full prepub available. * Full prepub Excel Spreadsheet Manual available June 8. **MathXL: The date listed below refers to the generic MathXL coupon. For availability dates for individual MathXL bundles, please refer to the date on the bundle grid.** |
| 650 #4 - SUBJECT ADDED ENTRY--TOPICAL TERM |
| Topical term or geographic name entry element |
Science/Mathematics. |
| 650 #4 - SUBJECT ADDED ENTRY--TOPICAL TERM |
| Topical term or geographic name entry element |
Calculus & mathematical analysis. |
| 650 #4 - SUBJECT ADDED ENTRY--TOPICAL TERM |
| Topical term or geographic name entry element |
Mathematics. |
| 650 #4 - SUBJECT ADDED ENTRY--TOPICAL TERM |
| Topical term or geographic name entry element |
Calculus. |
| 650 #4 - SUBJECT ADDED ENTRY--TOPICAL TERM |
| Topical term or geographic name entry element |
Mathematics / Calculus. |
| 700 1# - ADDED ENTRY--PERSONAL NAME |
| Personal name |
Miller, Charles D. |
| 700 1# - ADDED ENTRY--PERSONAL NAME |
| Personal name |
Greenwell, Raymond N. |
| 856 40 - ELECTRONIC LOCATION AND ACCESS |
| Materials specified |
Amazon.com |
| Uniform Resource Identifier |
<a href="http://www.amazon.com/exec/obidos/ASIN/0673467260/chopaconline-20">http://www.amazon.com/exec/obidos/ASIN/0673467260/chopaconline-20</a> |
| 856 40 - ELECTRONIC LOCATION AND ACCESS |
| Materials specified |
Amazon customer reviews |
| Uniform Resource Identifier |
<a href="http://www.chopac.org/cgi-bin/tools/azrev.pl?q=0673467260">http://www.chopac.org/cgi-bin/tools/azrev.pl?q=0673467260</a> |
| 942 ## - ADDED ENTRY ELEMENTS (KOHA) |
| Institution code [OBSOLETE] |
NBS |
| Koha item type |
Book |
| Call number prefix |
515 LIA |